Análisis de la fauna parasitaria del cangrejo ermitaño Pagurus exilis (Crustacea: Anomura) en aguas del estuario de Bahía Blanca /

Guardado en:
Autor Principal: Dibo, Marcos Javier.
Autor Corporativo: Universidad Nacional del Sur. Departamento de Biología, Bioquímica y Farmacia.
Otros Autores: Tanzola, Rubén Daniel., (dir. de tesina.)
Formato: Manuscrito
Idioma:Spanish
Publicado: 2012.
Materias:
Etiquetas: Agregar Etiqueta
Sin Etiquetas, Sea el primero en etiquetar este registro!
LEADER 01149ntm a22002775a 4500
001 EUN.eunm004634
008 130506s2012####ag#a#####b####000#0#spa#d
005 20260226105349.0
245 1 0 |a Análisis de la fauna parasitaria del cangrejo ermitaño Pagurus exilis (Crustacea: Anomura) en aguas del estuario de Bahía Blanca /  |c Marcos Javier Dibo, alumno ; Daniel Tanzola, director. 
260 |c 2012. 
300 |a 30 h. :  |b il. ;  |c 30 cm. 
502 |a Tesina (licenciatura)--Universidad Nacional del Sur. Departamento de Biología, Bioquímica y Farmacia, 2012. 
504 |a Incluye referencias bibliográficas. 
100 1 |a Dibo, Marcos Javier. 
700 1 |a Tanzola, Rubén Daniel.,  |e dir. de tesina. 
710 2 |a Universidad Nacional del Sur.  |b Departamento de Biología, Bioquímica y Farmacia. 
082 0 4 |a 595.38  |2 15 
650 7 |a Zoología.  |2 unbist 
650 7 |a Crustacea.  |2 Icyt 
650 7 |a Parásitos.  |2 Icyt 
650 7 |a Parasitismo.  |2 Icyt 
650 7 |a Estuarios.  |2 unbist 
651 0 |a Bahía Blanca (Argentina) 
653 |a Crustáceos 
653 |a Tesinas 
859 |a AR-BaUNS  |b BIB. CENTRAL - Sector A  |h 595.38  |i D545  |p 129130/025  |t Ej.2